[Event "Jyvaskyla op2"]
[Site "Jyvaskyla"]
[Date "1996.??.??"]
[Round "7"]
[White "Agopov, Mikael"]
[Black "Kokkila, Tero"]
[Result "1-0"]
[WhiteElo "2230"]
[BlackElo "2210"]

1.e4 e6 2.d4 d5 3.Nd2 a6 4.Ngf3 c5 5.exd5 exd5 6.dxc5 Bxc5 7.Nb3 Bb6 8.Bd3 Qe7+
9.Qe2 Nc6 10.O-O Qxe2 11.Bxe2 Nf6 12.c3 O-O 13.Bf4 Re8 14.Rfe1 Re4 15.Bd6 Bg4
16.Bc5 Rae8 17.Kf1 Bxc5 18.Nxc5 R4e7 19.Rad1 g6 20.Nd4 Ne4 21.Nxe4 Bxe2+
22.Rxe2 dxe4 23.Nxc6 bxc6 24.Rd6 f5 25.Red2 f4 26.Rxc6 e3 27.Rdd6 Re5 28.fxe3 Rxe3
29.Rd2 Re1+ 30.Kf2 Rh1 31.Rxa6 g5 32.Rd5  1-0

[Event "Jyvaskyla op2"]
[Site "Jyvaskyla"]
[Date "1996.??.??"]
[Round "8"]
[White "Rausis, Igors"]
[Black "Raaste, Eero J"]
[Result "1-0"]
[WhiteElo "2490"]
[BlackElo "2355"]

1.e4 e6 2.d4 d5 3.Nd2 a6 4.Ngf3 c5 5.exd5 exd5 6.Qe2+ Be7 7.dxc5 Nf6 8.Nb3 O-O
9.Be3 a5 10.a4 Na6 11.Qd1 Ne4 12.Be2 Naxc5 13.Nxc5 Nxc5 14.O-O Bf5 15.Nd4 Be4
16.Nb5 Rc8 17.Nc3 Bf6 18.Nxe4 dxe4 19.c3 Qe7 20.Qc2 Qe6 21.Rad1 Be5 22.Bb5 Rc7
23.Qe2 Nb3 24.f3 exf3 25.Qxf3 Nc5 26.Rfe1 Ne4 27.g3 f5 28.Kg2 Re7 29.Rd3 Kh8
30.Bg1 Ref7 31.Qd1 h6 32.Rd5 Bc7 33.Bd7 Qg6 34.Qf3 Ng5 35.Qd3 Qh5 36.Kh1 Qh3
37.Qf1 Qh5 38.Qe2 Qg6 39.Be8 Ne4 40.Bxf7 Qxf7 41.Qd3 Qh5 42.Qxe4  1-0

[Event "JUG-ch sf"]
[Site "Kladovo"]
[Date "1996.??.??"]
[Round "?"]
[White "Maksimovic, Branimir"]
[Black "Vojinovic, Goran"]
[Result "1-0"]
[WhiteElo "2375"]
[BlackElo "2425"]

1.d4 e6 2.e4 d5 3.Nd2 Nc6 4.Ngf3 Nf6 5.e5 Nd7 6.Bd3 Nb4 7.Be2 c5 8.c3 Nc6
9.Bd3 cxd4 10.cxd4 Be7 11.O-O Nb6 12.a3 a5 13.Nb1 Bd7 14.Nc3 Na7 15.Ne1 g6
16.Nc2 Na4 17.Ne2 Rc8 18.Ne3 Qb6 19.Rb1 Bb5 20.Bc2 Rxc2 21.Nxc2 Bxe2 22.Qxe2 Nc3
23.bxc3 Qxb1 24.Bg5 Qb3 25.Bxe7 Kxe7 26.Qf3 Rf8 27.Ne3 b5 28.Ng4 Qxa3 29.Nf6 Rc8
30.Nxh7 Nc6 31.Qf4 Ke8 32.h4 Nb8 33.Nf6+ Kd8 34.Qg5 Kc7 35.g4 Nd7 36.Rb1 Rb8
37.h5 gxh5 38.gxh5 Nxf6 39.exf6 Kc6 40.h6 Qa2 41.Rc1 Qe2 42.h7 Qe4 43.Qg7 Qg6+
44.Kh2 Qf5 45.Kg3 e5 46.Re1 e4 47.Re3 Qc8 48.Kg2 Qh8 49.Qxf7 Rf8 50.Qg7  1-0

[Event "Klatovy op"]
[Site "Klatovy"]
[Date "1996.??.??"]
[Round "?"]
[White "Cejkova, Miroslava"]
[Black "Kucera, Petr"]
[Result "1/2-1/2"]
[WhiteElo "2080"]
[BlackElo "2325"]

1.e4 e6 2.d4 d5 3.Nd2 Be7 4.c3 b6 5.Bd3 Nf6 6.e5 Nfd7 7.Ne2 Ba6 8.Bb1 c5
9.f4 Qc7 10.f5 cxd4 11.cxd4 Bg5 12.Nf3 Bxc1 13.Qxc1 Qxc1+ 14.Nxc1 Nc6 15.Ne2 Ke7
16.Nf4 Bc4 17.Kd2 g5 18.fxe6 fxe6 19.Nxg5 Nxd4 20.Bxh7 Nxe5 21.Rae1 Ndc6
22.b3 Bb5 23.Ng6+ Kf6 24.Nxh8 Kxg5 25.Ng6 Nxg6 26.a4 Ba6 27.Bxg6 e5 28.Bf7 Kf6
29.Bh5 e4 30.h4 Ke5 31.Rh3 Rg8 32.g4 d4 33.g5 Ne7 34.Bf3 e3+ 35.Rxe3+ dxe3+
36.Kxe3 Nf5+ 37.Kf2 Bc8 38.Rh1 Nxh4 39.Rxh4 Rxg5  1/2-1/2

[Event "Krasnodar op"]
[Site "Krasnodar"]
[Date "1996.??.??"]
[Round "3"]
[White "Rodin, Mihail"]
[Black "Kostenko, Petr"]
[Result "1/2-1/2"]
[WhiteElo "2400"]
[BlackElo "2265"]

1.e4 e6 2.d4 d5 3.Nd2 Nc6 4.c3 e5 5.exd5 Qxd5 6.Ngf3 exd4 7.Bc4 Qh5 8.O-O Be6
9.Bxe6 fxe6 10.cxd4 O-O-O 11.Qa4 Bd6 12.Nc4 Nge7 13.Nxd6+ Rxd6 14.Bf4 Rd5
15.Rac1 Rf8 16.Bg3 Rxf3 17.gxf3 Qxf3 18.Rfe1 h5 19.Qd1 Qxd1 20.Rcxd1 Nxd4
21.Kg2 Nec6 22.Rxe6 h4 23.Re8+ Kd7 24.Rg8 hxg3 25.Rxg7+ Ne7 26.fxg3 c5 27.Re1 Ne6
28.Rf7 c4 29.h4 b5 30.a3 a5 31.Re2 b4 32.axb4 axb4 33.g4 Ke8 34.Rf6 Nd4 35.Re3 Nc2
36.Re2 Nd4  1/2-1/2

[Event "Kuala Lumpur tt"]
[Site "Kuala Lumpur"]
[Date "1996.??.??"]
[Round "1"]
[White "Mas, Hafizulhelmi"]
[Black "Raaste, Eero J"]
[Result "1-0"]
[WhiteElo "2290"]
[BlackElo "2355"]

1.e4 e6 2.d4 d5 3.Nd2 a6 4.Ngf3 c5 5.exd5 exd5 6.dxc5 Bxc5 7.Nb3 Ba7 8.Bd3 Nc6
9.O-O Nge7 10.Re1 Bg4 11.Bf4 Qd7 12.h3 Bh5 13.Be2 O-O 14.Ne5 Nxe5 15.Bxe5 Bxe2
16.Rxe2 Nc6 17.Bd4 Nxd4 18.Nxd4 Rfe8 19.Rd2 Rad8 20.Qf3 g6 21.Rad1 Re4 22.c3 Rde8
23.Nc2 Qe6 24.Qd3 Re2 25.Nd4 Re1+ 26.Kh2 Qe5+ 27.g3 Rxd1 28.Rxd1 Qe4 29.Rd2 Kg7
30.a4 h5 31.h4 Re7 32.Qxe4 dxe4 33.Kg2 Kf8 34.Nc2 e3 35.fxe3 Bxe3 36.Nxe3 Rxe3
37.Kf2 Re7 38.Kf3 Re6 39.Rd4 Ke7 40.Re4 f6 41.a5 Rxe4 42.Kxe4 Ke6 43.c4 g5
44.b4 f5+ 45.Kd4 f4 46.gxf4 gxh4 47.Ke4 h3 48.Kf3 h4 49.b5 Kd6 50.f5 Ke5
51.c5  1-0

[Event "Kuala Lumpur schev"]
[Site "Kuala Lumpur"]
[Date "1996.??.??"]
[Round "7"]
[White "Mas, Hafizulhelmi"]
[Black "Ravi, Lanka"]
[Result "1/2-1/2"]
[WhiteElo "2290"]
[BlackElo "2390"]

1.e4 e6 2.d4 d5 3.Nd2 a6 4.Ngf3 c5 5.exd5 exd5 6.dxc5 Bxc5 7.Nb3 Bb6 8.Bd3 Nc6
9.O-O Nge7 10.Re1 O-O 11.Be3 Bc7 12.Nbd4 Qd6 13.g3 Ng6 14.c3 Bg4 15.Bf5 Bxf5
16.Nxf5 Qd7 17.Qc2 Nge5 18.Nxe5 Nxe5 19.Kg2 g6 20.Bd4 Rfe8 21.Ne3 Nc4 22.Rad1 Nxe3+
23.Rxe3 Rxe3 24.Bxe3 Qc6 25.Bd4 Re8 26.Qd3 Be5 27.Qf3 Bxd4 28.Rxd4 Re4 29.Qd3 Rxd4  1/2-1/2

[Event "Pfalz-op"]
[Site "Landau"]
[Date "1996.??.??"]
[Round "?"]
[White "Lang, Matthias"]
[Black "Lesic, Gordan"]
[Result "1-0"]
[WhiteElo "2230"]
[BlackElo "2235"]

1.e4 e6 2.d4 d5 3.Nd2 Nc6 4.c3 e5 5.dxe5 dxe4 6.Qe2 Qd5 7.Nxe4 Qxe5 8.Bf4 Qe7
9.Bxc7 Be6 10.Bd6 Qd8 11.Qb5 Qb6 12.Qxb6 axb6 13.a3 Nge7 14.Nf3 Bd5 15.Bd3 O-O-O
16.Bxe7 Bxe7 17.Ned2 Rhe8 18.O-O h5 19.Bc4 g5 20.Bxd5 Rxd5 21.Nc4 Kc7 22.Rad1 Rc5
23.Ne3 g4 24.Nd4 Bg5 25.Nec2 Rce5 26.a4 f5 27.Nb5+ Kb8 28.Ncd4 Nxd4 29.Nxd4 h4
30.h3 gxh3 31.f4 Rg8 32.fxg5 Rxg5 33.Rf2 Re3 34.Nf3 Rg4 35.Re1 f4 36.Rxe3 fxe3
37.Re2 hxg2 38.Rxg2 Rf4 39.Nd4  1-0

[Event "Asia-ch Boys"]
[Site "Macau"]
[Date "1996.??.??"]
[Round "?"]
[White "Nguyen Anh Dung"]
[Black "Kostenko, Petr"]
[Result "0-1"]
[WhiteElo "2480"]
[BlackElo "2265"]

1.e4 e6 2.d4 d5 3.Nd2 Nc6 4.Ngf3 Nf6 5.e5 Nd7 6.Bd3 Nb4 7.Be2 c5 8.c3 Nc6
9.O-O a5 10.Re1 Qb6 11.c4 cxd4 12.cxd5 exd5 13.Ng5 Nc5 14.Bg4 Be7 15.Bxc8 Rxc8
16.Ndf3 Ne6 17.a3 O-O 18.Qd3 Bxg5 19.Nxg5 Nxg5 20.Bxg5 Qxb2 21.Rad1 Qc3 22.Qf5 Rce8
23.Bc1 Qb3 24.f4 Re6 25.Rd2 b5 26.Rf1 Qe3+ 27.Kh1 Qe4 28.Qh3 b4 29.Rdf2 d3
30.Rd2 b3 31.Qxd3 Qxd3 32.Rxd3 Rb8 33.Bb2 d4 34.a4 f6 35.exf6 Re2 36.Rb1 gxf6
37.h3 Kf7 38.Rdd1 Rc2 39.Rd3 h5 40.Kg1 Ke6  0-1

[Event "Wch U18 Girls"]
[Site "Menorca"]
[Date "1996.??.??"]
[Round "5"]
[White "Kuang Yinghui"]
[Black "Kiseleva, Natalia"]
[Result "1/2-1/2"]
[WhiteElo "2115"]
[BlackElo "2350"]

1.e4 e6 2.d4 d5 3.Nd2 Nc6 4.Ngf3 Nf6 5.e5 Nd7 6.c3 f6 7.exf6 Qxf6 8.Be2 e5
9.dxe5 Ncxe5 10.O-O Be7 11.Nxe5 Nxe5 12.Nf3 Nxf3+ 13.Bxf3 c6 14.Be3 O-O 15.Bd4 Qg5
16.Be3 Qg6 17.Rc1 Bf5 18.Re1 Bg5 19.Qd2 Bd8 20.Bc5 Bg5 21.Be3 Bf6 22.Bc5 Bg5
23.Be3 Bxe3 24.Rxe3 Rae8 25.Rce1 Rxe3 26.Rxe3 Bh3 27.Be4 Qg5 28.Bxh7+ Kh8
29.Be4 Kg8 30.Qe1 dxe4 31.Rxh3 Rf3 32.Rg3 Rxg3 33.hxg3 Qd5 34.b3 Qd3 35.c4 Qc2
36.Qa5 b6 37.Qe5 Qe2 38.Qb8+ Kf7 39.Qf4+ Kg8 40.Qb8+  1/2-1/2

[Event "Moscow-D"]
[Site "Moscow"]
[Date "1996.??.??"]
[Round "?"]
[White "Balashov, Yuri S"]
[Black "Kiriakov, Petr"]
[Result "1/2-1/2"]
[WhiteElo "2480"]
[BlackElo "2515"]

1.e4 e6 2.d4 d5 3.Nd2 a6 4.Ngf3 c5 5.exd5 exd5 6.Be2 c4 7.Ne5 Bd6 8.O-O Ne7
9.Re1 O-O 10.Nf1 Nbc6 11.Nxc6 Nxc6 12.c3 Re8 13.Bf3 Be6 14.Ne3 Ne7 15.g3 Qd7
16.Ng2 Bh3 17.b3 b5 18.a4 Rac8 19.axb5 axb5 20.b4 Ra8 21.Bd2 h6 22.Ne3 Be6
23.Qc2 Qb7 24.Qb2 Rxa1 25.Rxa1 Ra8 26.Ra3 Bb8 27.Qa1  1/2-1/2

[Event "Moscow GM4"]
[Site "Moscow"]
[Date "1996.??.??"]
[Round "?"]
[White "Dvalishvili, Pavel S"]
[Black "Kiriakov, Petr"]
[Result "1/2-1/2"]
[WhiteElo "2365"]
[BlackElo "2515"]

1.e4 e6 2.d4 d5 3.Nd2 a6 4.Ngf3 c5 5.exd5 exd5 6.dxc5 Bxc5 7.Nb3 Bb6 8.Bd3 Qe7+
9.Qe2 Nc6 10.Be3 Bxe3 11.Qxe3 Qxe3+ 12.fxe3 Nf6 13.Nbd4 Bd7 14.Nxc6 Bxc6
15.Nd4 Bd7 16.Kd2  1/2-1/2

[Event "Moscow-ch"]
[Site "Moscow"]
[Date "1996.??.??"]
[Round "2"]
[White "Denisov, Sergei"]
[Black "Riazantsev, Alexander"]
[Result "1-0"]
[WhiteElo "2150"]
[BlackElo "2350"]

1.e4 e6 2.d4 d5 3.Nd2 Nc6 4.Ngf3 Nf6 5.e5 Nd7 6.Bd3 Nb4 7.Be2 c5 8.c3 Nc6
9.Bd3 Be7 10.O-O O-O 11.Re1 cxd4 12.cxd4 Qb6 13.Nf1 Re8 14.Ng3 Nf8 15.Ne2 Bd7
16.Bd2 Rac8 17.b4 a6 18.Rb1 f5 19.exf6 Bxf6 20.Be3 Re7 21.Ne5 Be8 22.Qd2 Rec7
23.b5 axb5 24.Rxb5 Qa7 25.Nxc6 Rxc6 26.Ra5 Qb6 27.Rb1 Qc7 28.Bf4 e5 29.dxe5 Bxe5
30.Bxe5 Qxe5 31.Rxd5 Qc7 32.Bf5 Ra8 33.Rd4 Bf7 34.a4 Rca6 35.Nc3 Be8 36.Nd5 Qe5
37.Re1 Qb8 38.Ne7+ Kh8 39.Qa2  1-0

[Event "Kasparov Cup op"]
[Site "Moscow"]
[Date "1996.??.??"]
[Round "3"]
[White "Asrian, Karen"]
[Black "Iljushin, Alexei"]
[Result "1-0"]
[WhiteElo "2310"]
[BlackElo "2415"]

1.e4 e6 2.d4 d5 3.Nd2 a6 4.Ngf3 c5 5.exd5 exd5 6.Be2 c4 7.O-O Nf6 8.Re1 Be7
9.b3 b5 10.a4 Bb7 11.bxc4 bxc4 12.Ne5 O-O 13.Bf3 Qc7 14.Rb1 Ra7 15.Nf1 Nc6
16.Ne3 Nd8 17.Nf5 Ne6 18.Qe2 Bc8 19.Nxe7+ Qxe7 20.Nc6 Qc7 21.Nxa7 Nxd4 22.Qe7 Bd7
23.Ba3 Ra8 24.Qc5 Qf4 25.Qd6 Qxd6 26.Bxd6 Nxc2 27.Re7 Bxa4 28.Be5 Rd8 29.Rc7 Nd7
30.Bd6 h6 31.Bxd5 Ne5 32.Be4 Nd3 33.Rxc4 Na3 34.Bxa3  1-0

[Event "RUS-Cup2"]
[Site "Moscow"]
[Date "1996.??.??"]
[Round "5"]
[White "Kuznetsova, Elena"]
[Black "Nedochetov, M."]
[Result "1-0"]
[WhiteElo "2250"]
[BlackElo "2230"]

1.e4 e6 2.d4 d5 3.Nd2 Nc6 4.c3 e5 5.Ngf3 exd4 6.cxd4 Nf6 7.e5 Ne4 8.Bd3 Bf5
9.Qe2 Nxd2 10.Bxd2 Bg4 11.Bc3 Be7 12.O-O Qd7 13.Qe3 O-O 14.Nd2 Rae8 15.f4 Bf5
16.Bxf5 Qxf5 17.Qf3 Rd8 18.g4 Qc2 19.Rac1 Qa4 20.b3 Qxa2 21.f5 Qa6 22.f6 gxf6
23.exf6 Bd6 24.Qf5 Kh8 25.Rf3 Rg8 26.Rh3 Rg6 27.Nf3 Kg8 28.Nh4 Bf8 29.Nxg6 hxg6
30.Qg5 Qa3 31.Ra1  1-0

[Event "Moscow Alekhine op"]
[Site "Moscow"]
[Date "1996.??.??"]
[Round "7"]
[White "Novgorodskij, Vladimir"]
[Black "Nedochetov, M."]
[Result "1-0"]
[WhiteElo "2325"]
[BlackElo "2200"]

1.e4 e6 2.d4 d5 3.Nd2 Nc6 4.Ngf3 Nf6 5.e5 Nd7 6.c3 f6 7.exf6 Qxf6 8.Bb5 Bd6
9.O-O O-O 10.Nb3 e5 11.Bxc6 bxc6 12.dxe5 Nxe5 13.Nxe5 Qxe5 14.f4 Qe7 15.Re1 Qh4
16.g3 Qh3 17.Be3 Bg4 18.Qd2 Bf3 19.Qf2 Be4 20.Nd2 g5 21.Nxe4 dxe4 22.Kh1 h6
23.Rg1 Kh7 24.Qc2 Rac8 25.fxg5 Rf3 26.g6+ Kxg6 27.Rae1 Qf5 28.Qg2 Rf8 29.Re2 Kh7
30.g4 Qe6 31.g5 Rg8 32.Qg4 Qg6 33.Bd4 Rf4 34.Qd7+ Rf7 35.Qxc6 hxg5 36.Qxe4 Qxe4+
37.Rxe4 a6 38.Be3 Re7 39.Rxe7+ Bxe7 40.Rg4 Rb8 41.b3 Rb5 42.Kg2 Kg6 43.Rc4 Bd6
44.Rc6 Re5 45.Bf2 Kh5 46.Rxa6 Re2 47.a4 Bc5 48.Rf6 Rc2 49.a5 Rxc3 50.Rc6  1-0

[Event "RUS-Cup2"]
[Site "Moscow"]
[Date "1996.??.??"]
[Round "7"]
[White "Popov, Alexey"]
[Black "Nedochetov, M."]
[Result "0-1"]
[WhiteElo "2240"]
[BlackElo "2230"]

1.e4 e6 2.d4 d5 3.Nd2 Nc6 4.Ngf3 Nf6 5.e5 Nd7 6.Be2 f6 7.exf6 Nxf6 8.O-O Bd6
9.Re1 O-O 10.Bb5 Bd7 11.Nb3 Ne4 12.Be3 Qf6 13.Nbd2 Rae8 14.c4 Nxd2 15.Bxd2 dxc4
16.Bg5 Qg6 17.Be3 Qh5 18.Bxc4 Na5 19.Be2 Bb5 20.h3 Bxe2 21.Qxe2 Nc6 22.Rad1 Rf6
23.Ne5 Qxe2 24.Rxe2 Bxe5 25.dxe5 Rf7 26.Bc5 a6 27.g3 g5 28.Red2 b6 29.Ba3 Nxe5
30.Rd8 Rxd8 31.Rxd8+ Kg7 32.b3 Nc6 33.Re8 e5 34.Bb2 Kf6 35.f4 gxf4 36.gxf4 Re7
37.fxe5+ Ke6 38.Rc8 Nxe5 39.Kf1 Nd3 40.Ba3 Rf7+ 41.Kg1 Kd5 42.Rd8+ Ke4 43.b4 b5
44.Re8+ Kd4 45.Re6 Rg7+ 46.Kf1 Rg6 47.Re7 Rc6 48.Rd7+ Kc3 49.Rxh7 a5 50.bxa5 b4
51.Bxb4+ Nxb4 52.Rf7 Nd5 53.h4 Ra6 54.Rd7 Rxa5 55.h5 Kd4 56.h6 Rxa2 57.h7 Rh2
58.Ke1 c5 59.Kd1 c4 60.Kc1 Ke4 61.Rf7 Ke5 62.Rg7 Nf6 63.h8=Q Rxh8 64.Kc2 Rh3
65.Rg2 Ne4 66.Rg8  0-1

[Event "Moscow Alekhine op"]
[Site "Moscow"]
[Date "1996.??.??"]
[Round "8"]
[White "Fedorov, Vladislav"]
[Black "Saruhanjan, Moris"]
[Result "1-0"]
[WhiteElo "2455"]
[BlackElo "2305"]

1.e4 e6 2.d4 d5 3.Nd2 a6 4.Ngf3 c5 5.exd5 exd5 6.c4 Nf6 7.Bd3 cxd4 8.O-O Be7
9.Re1 O-O 10.cxd5 Nxd5 11.Nb3 Nc6 12.Nbxd4 Nxd4 13.Nxd4 Bf6 14.Be4 h6 15.Nb3 Re8
16.Qf3 Nb6 17.Be3 Bxb2 18.Rad1 Nd7 19.Bxb7 Rb8 20.Bc6 Qe7 21.Bd2 Ne5 22.Qg3 Rf8
23.Bxh6 Qf6 24.Rd6 Be6 25.Bg5 Qg6 26.Be4 Qh5 27.Bf6 g6 28.h3 Rfe8 29.Red1 Nc4
30.Rxe6 Qxd1+ 31.Kh2 Bxf6 32.Rxf6 Rxe4 33.Qxb8+ Kg7 34.Rf3 Re1 35.Qf4 Rh1+
36.Kg3 Qd6 37.Qxd6 Nxd6 38.Rf4 Rb1 39.Ra4 Nb5 40.Rxa6 Nc3 41.Nd4 Ra1 42.a3 Nb1
43.a4 Nc3 44.a5 Ra4 45.Nc6 Nb5 46.Rb6  1-0

[Event "Moscow-ch"]
[Site "Moscow"]
[Date "1996.??.??"]
[Round "9"]
[White "Kekov, Alexandr"]
[Black "Nikolenko, Oleg"]
[Result "1/2-1/2"]
[WhiteElo "2370"]
[BlackElo "2480"]

1.e4 e6 2.d4 d5 3.Nd2 Be7 4.Bd3 Nc6 5.c3 dxe4 6.Bxe4 Nf6 7.Bf3 O-O 8.Nc4 Nd5
9.Ne2 b6 10.Nf4 Bg5 11.Nxd5 exd5 12.Bxg5 Qxg5 13.Ne3 Ne7 14.O-O c6 15.Re1 f5
16.Qe2 f4 17.Nc4 Ng6 18.Ne5 Nxe5 19.Qxe5 Qxe5 20.Rxe5 Bd7 21.h4 Rae8 22.Rae1 Rxe5
23.Rxe5 Kf7 24.Kf1 Re8 25.Rxe8 Kxe8 26.Ke2 Ke7 27.g3 fxg3 28.fxg3 h6 29.Kd3 Bf5+
30.Ke3 g5 31.b4 Kd6 32.a3 c5 33.hxg5 hxg5 34.dxc5+ bxc5 35.Bh5 Kc6 36.Be8+ Kd6
37.Bf7 Bc2 38.Be8 Bf5 39.Kf3 Be6 40.Bb5 Bf5 41.Ke3 Be6 42.Bd3 Bd7 43.Bc2 Be6
44.Kd2 Bd7 45.Bb3 Be8 46.a4 d4 47.b5 dxc3+ 48.Kxc3 Kc7 49.Be6 Kb6 50.Kc4  1/2-1/2

[Event "Muenster op"]
[Site "Muenster"]
[Date "1996.??.??"]
[Round "5"]
[White "Slobodjan, Roman"]
[Black "Eingorn, Vereslav S"]
[Result "1/2-1/2"]
[WhiteElo "2520"]
[BlackElo "2585"]

1.e4 e6 2.d4 d5 3.Nd2 a6 4.Ngf3 c5 5.dxc5 Bxc5 6.Nb3 Ba7 7.exd5 exd5 8.Bg5 Ne7
9.Qd2 Nbc6 10.Be2 O-O 11.O-O Re8 12.Rad1 h6  1/2-1/2

[Event "SCO-ch"]
[Site "Oban"]
[Date "1996.??.??"]
[Round "1"]
[White "Upton, Timothy J"]
[Black "Buchanan, Walter F"]
[Result "1/2-1/2"]
[WhiteElo "2285"]
[BlackElo "2150"]

1.e4 e6 2.d4 d5 3.Nd2 Nc6 4.Ngf3 Nf6 5.e5 Nd7 6.c3 f6 7.exf6 Qxf6 8.Bb5 Bd6
9.O-O O-O 10.Ba4 Kh8 11.Bb3 Na5 12.c4 Nxb3 13.Qxb3 Qf5 14.Re1 b6 15.Qe3 Bb7
16.Qxe6 Qxe6 17.Rxe6 dxc4 18.Re3 b5 19.a4 a6 20.Ne4 Bxe4 21.Rxe4 Nf6 22.Re6 Nd5
23.Bd2 Rae8 24.Rxe8 Rxe8 25.axb5 axb5 26.Ra5 Rb8 27.Kf1 Kg8 28.Ne5 Bxe5 29.dxe5 Kf7
30.f4 Ke6 31.Ke2 b4 32.Ra6+ Kd7 33.Kf3 c3 34.Bc1 b3 35.Ra5 Ke6 36.Ke4 Rb4+
37.Kd3 cxb2 38.Bxb2 Nxf4+ 39.Kc3 Rb6 40.g3 Nd5+ 41.Kd4 Rb4+ 42.Kd3 h5 43.Rc5 h4
44.Rc6+ Kf5 45.Rc5 hxg3 46.hxg3 c6 47.e6 Re4 48.Bxg7 Rxe6 49.Kc4 Rg6 50.Bc3 Rxg3
51.Kxb3 Rxc3+  1/2-1/2

[Event "Oberwart op"]
[Site "Oberwart"]
[Date "1996.??.??"]
[Round "1"]
[White "Sziebert, Adam"]
[Black "Lochner, Herbert"]
[Result "1-0"]
[WhiteElo "2300"]
[BlackElo "1885"]

1.e4 e6 2.d4 d5 3.Nd2 a6 4.Ngf3 c5 5.exd5 exd5 6.dxc5 Bxc5 7.Be2 Nf6 8.O-O O-O
9.Nb3 Ba7 10.Bg5 Nc6 11.c3 Re8 12.Qc2 Qd6 13.Bd3 h6 14.Bh4 Ne4 15.Nfd4 Bd7
16.Rae1 Rac8 17.Qd1 f5 18.Nxc6 Qxc6 19.Bxe4 Rxe4 20.Rxe4 fxe4 21.Qd2 Rf8
22.Qd1 Be6 23.Nd4 Bxd4 24.Qxd4 Rf7 25.Bg3 Kh7 26.Re1 b6 27.b4 Rd7 28.h3 Bf5
29.Re3 Qg6 30.Be5 Qc6 31.Rg3 Qb7 32.Qe3 Rf7 33.Bd4 b5 34.h4 Qe7 35.Qf4 Bc8
36.Qb8 Qc7 37.Qxc7 Rxc7 38.Kf1 g6 39.Ke2 Rf7 40.Ke3 Rf5 41.Rh3 Kg8 42.g4 Rf7
43.Rg3 Kf8 44.Be5 Ke7 45.Bf4 Rh7 46.Kd4 Ke6 47.f3 Bb7 48.fxe4 dxe4 49.Kc5 Bd5
50.Rg2 Rh8 51.Kb6 Rc8 52.Kxa6 Rxc3 53.Kxb5 e3 54.Rg3 e2 55.Rxc3 e1=Q 56.Re3+ Qxe3
57.Bxe3 Bxa2 58.Bxh6 Bd5 59.Bf4 Kd7 60.h5 gxh5 61.gxh5 Kc8 62.Kb6 Be4 63.Ka7  1-0

[Event "Oberwart op"]
[Site "Oberwart"]
[Date "1996.??.??"]
[Round "8"]
[White "Medvegy, Zoltan"]
[Black "Gasiunas, Natalia"]
[Result "1/2-1/2"]
[WhiteElo "2265"]
[BlackElo "2205"]

1.e4 e6 2.d4 d5 3.Nd2 a6 4.Ngf3 c5 5.exd5 exd5 6.dxc5 Bxc5 7.Nb3 Ba7 8.Bd3 Nc6
9.O-O Bg4 10.Re1+ Nge7 11.Be3 Bb8 12.Bc5 Bd6 13.c3 Bxc5 14.Nxc5 Qc7 15.b4 Rd8
16.Qe2 Rd6 17.h3 h5 18.b5 axb5 19.Bxb5 Kf8 20.Rab1 b6 21.Na6 Qc8 22.Bxc6 Re6
23.Qd3 Bf5 24.Qb5 Bxb1 25.Rxe6 Qxe6 26.Bd7 Qd6 27.Qxb1 Qxd7 28.Qxb6 Rh6 29.Nc5 Qc8
30.Qb5 Kg8 31.Ne5 Nc6 32.Ned3 Na7 33.Qb3 Rd6 34.a4 Qc7 35.g3 Kh7 36.h4 Nc8
37.Qa2 Ne7 38.a5 Rc6 39.a6 Qa7 40.Qa5 Rb6 41.Qa2 Rb8 42.Kg2 g6 43.Qe2 Nc6
44.Qf3 Qc7 45.Qxd5 Rd8 46.Qf3 Kg7 47.Nf4 Re8 48.Qd5 Re5 49.Nce6+ fxe6 50.Nxe6+ Rxe6
51.Qxe6 Qb6 52.Qd7+ Kf6 53.Qc8 Qb5 54.Kh2 Qc5 55.Kg1 Qd6 56.Qh8+ Kf5 57.Qg7 Qd1+
58.Kh2 Ne5 59.Qf8+ Ke6 60.Qe8+ Kf5 61.Qf8+ Ke6 62.Qe8+ Kf5  1/2-1/2

[Event "Komercni Banka op"]
[Site "Pardubice"]
[Date "1996.??.??"]
[Round "5"]
[White "Khviriashvili, J."]
[Black "Crouch, Colin S"]
[Result "1/2-1/2"]
[WhiteElo "2275"]
[BlackElo "2375"]

1.e4 e6 2.d4 d5 3.Nd2 Nc6 4.Ngf3 Nf6 5.e5 Nd7 6.c3 f6 7.exf6 Qxf6 8.Bd3 Bd6
9.Nf1 e5 10.Ne3 exd4 11.cxd4 Nb6 12.O-O Bd7 13.b3 O-O-O 14.Bb2 h5 15.Rc1 Rdf8
16.Be2 g5 17.a4 a5 18.Qd2 g4 19.Ne5 Nxe5 20.dxe5 Bxe5 21.Bxe5 Qxe5 22.Qxa5 Kb8
23.Qc5 Bc6 24.Bb5 Nd7 25.Qb4 Rf4 26.Qd2 Bxb5 27.axb5 Nb6 28.Rfe1 Re4 29.Red1 h4
30.Nf1 Re8 31.Rc2 d4 32.Rdc1 h3 33.g3 Qxb5 34.Rxc7 Qxb3 35.Qh6 Qe6 36.Qg7 Re7
37.Qf8+ Re8 38.Qg7 Re7 39.Qf8+ Re8 40.Qg7 Re7 41.Qf8+ Re8  1/2-1/2

[Event "Komercni Banka op"]
[Site "Pardubice"]
[Date "1996.??.??"]
[Round "9"]
[White "Voloshin, Leonid"]
[Black "Krouzel, Jaroslav"]
[Result "1-0"]
[WhiteElo "2400"]
[BlackElo "2240"]

1.e4 e6 2.d4 d5 3.Nd2 Nc6 4.Ngf3 Nf6 5.e5 Nd7 6.Nb3 Be7 7.h4 f6 8.exf6 Bxf6
9.Ng5 Qe7 10.f4 Nf8 11.c3 h6 12.Nf3 Ng6 13.h5 Nf8 14.Be3 Bd7 15.a4 Nd8 16.Nc5 Bc8
17.a5 c6 18.Kd2 g6 19.hxg6 Nxg6 20.Bd3 Qg7 21.Qe2 Be7 22.Bxg6+ Qxg6 23.Ne5 Qg8
24.Ncd3 Bd7 25.Qh5+ Nf7 26.g4 Bf6 27.Rh2 Bg7 28.Nxd7 Kxd7 29.Nc5+ Ke7 30.Nxb7 Rb8
31.a6 Qh7 32.Qh4+ Kf8 33.b4 Qg6 34.Qh5 Qf6 35.Rf1 Ke7 36.Qh4 Qxh4 37.Rxh4 Nd6
38.Nc5 Nc4+ 39.Kd3 Nb2+ 40.Kc2 Nc4 41.Bc1 Bf8 42.Re1  1-0

[Event "SVK-CRO"]
[Site "Piestany"]
[Date "1996.??.??"]
[Round "?"]
[White "Hagarova, Zuzana"]
[Black "Petek Medic, Mirjana"]
[Result "1-0"]
[WhiteElo "2260"]
[BlackElo "2320"]

1.e4 e6 2.d4 d5 3.Nd2 a6 4.Ngf3 c5 5.exd5 exd5 6.dxc5 Bxc5 7.Nb3 Ba7 8.Be2 Nf6
9.O-O O-O 10.Nbd4 Nc6 11.c3 Re8 12.Re1 Qd6 13.Qd3 Ne4 14.Be3 Bd7 15.Rad1 Ne7
16.Qc2 Ng6 17.Bd3 Bg4 18.h3 Bxd4 19.hxg4 Bxe3 20.Bxe4 Ba7 21.Bxd5 Qg3 22.Bxf7+ Kh8
23.Rxe8+ Rxe8 24.Kf1 Qxg4 25.Bxe8 Nf4 26.Rd8 Qxg2+ 27.Ke1 Qh1+ 28.Kd2 Ne6
29.Rc8 Qh6+ 30.Kd1 Qh1+ 31.Ne1 Qh4 32.Bf7+ Nd8 33.Qe2  1-0

[Event "SVK-CRO"]
[Site "Piestany"]
[Date "1996.??.??"]
[Round "?"]
[White "Salai, Ladislav"]
[Black "Kovacevic, Vlatko"]
[Result "1/2-1/2"]
[WhiteElo "2430"]
[BlackElo "2445"]

1.e4 e6 2.d4 d5 3.Nd2 Nc6 4.Ngf3 Nf6 5.e5 Nd7 6.Be2 a6 7.O-O f6 8.exf6 Qxf6
9.Nb3 Bd6 10.c4 O-O 11.c5 Bf4 12.g3 Bxc1 13.Rxc1 e5 14.dxe5 Ndxe5 15.Nxe5 Qxe5
16.Rc3 Bh3 17.Re1 Rae8 18.Re3 Qxb2 19.Qxd5+ Kh8 20.Rxe8 Rxe8 21.Qh5 Bd7 22.Rd1 g6
23.Qf3 Bf5 24.Bf1 Re4 25.Rd2 Qf6 26.Re2 Ne5 27.Qc3 Bg4 28.Re3 Kg7 29.Nd2 Rxe3
30.Qxe3 Nf3+ 31.Nxf3 Bxf3 32.h4 Bd5 33.a3 h5 34.f4 Kf7 35.Be2 a5 36.Kf2 Qb2
37.Qe5 Qxe5 38.fxe5 Ke6 39.Bd3 g5 40.hxg5 Kxe5 41.Ke3 b6  1/2-1/2

[Event "Plzen opJ-A"]
[Site "Plzen"]
[Date "1996.??.??"]
[Round "1"]
[White "Jirovsky, Petr"]
[Black "Kupka, Frantisek"]
[Result "1-0"]
[WhiteElo "2305"]
[BlackElo "2000"]

1.e4 e6 2.d4 d5 3.Nd2 Nc6 4.Ngf3 Nf6 5.e5 Nd7 6.c3 f6 7.exf6 Nxf6 8.Bd3 Bd6
9.O-O O-O 10.Qe2 Qe7 11.Ne5 Bd7 12.f4 Nd8 13.g4 Be8 14.Ndf3 c5 15.Bd2 Rc8
16.Be1 Nc6 17.Bh4 Qc7 18.Ng5 Nd8 19.f5 cxd4 20.cxd4 Qb6 21.Kh1 Qxd4 22.Nef3 Qb4
23.a3 Qb6 24.fxe6 Nc6 25.e7 Nxe7 26.Nxh7 Nxh7 27.Bxh7+ Kxh7 28.Ng5+ Kg8 29.Rxf8+ Kxf8
30.Rf1+  1-0

[Event "Plzen opJ-A"]
[Site "Plzen"]
[Date "1996.??.??"]
[Round "6"]
[White "Hitzgerova, Gabriela"]
[Black "Klimes, Martin"]
[Result "1/2-1/2"]
[WhiteElo "2125"]
[BlackElo "2030"]

1.e4 e6 2.d4 d5 3.Nd2 Nc6 4.Ngf3 Nf6 5.e5 Nd7 6.c3 f6 7.exf6 Qxf6 8.Bd3 Bd6
9.O-O O-O 10.Nb3 e5 11.dxe5 Ndxe5 12.Be2 Be6 13.Ng5 Rae8 14.Nxe6 Qxe6 15.Be3 b6
16.Re1 Qf7 17.Qc2 Ng6 18.Bb5 Nge5 19.h3 Re6 20.Be2 Rg6 21.f4 Nc4 22.Bxc4 dxc4
23.Nd4 Nxd4 24.cxd4 Bxf4 25.Bxf4 Qxf4 26.Qxc4+ Qf7 27.Qxf7+ Rxf7 28.Re8+ Rf8
29.Re7 Rf7  1/2-1/2

[Event "Plzen opJ-A"]
[Site "Plzen"]
[Date "1996.??.??"]
[Round "7"]
[White "Soukup, Jiri"]
[Black "Rozmbersky, David"]
[Result "1/2-1/2"]
[WhiteElo "1845"]
[BlackElo "2025"]

1.e4 e6 2.d4 d5 3.Nd2 Nc6 4.c3 e5 5.dxe5 Nxe5 6.exd5 Qxd5 7.Qe2 Qe6 8.Kd1 Nf6
9.Ngf3 Bd6 10.Nxe5 Qxe5 11.Qxe5+ Bxe5 12.Nc4 Ng4 13.Ke1 Bf6 14.f3 Ne5 15.Bf4 O-O
16.Bxe5 Bxe5 17.Nxe5 Re8 18.f4 f6 19.Kf2 fxe5 20.Bc4+ Be6 21.Bxe6+ Rxe6 22.Rhe1 Rf8
23.Kg1 Rxf4 24.Re2 Kf7 25.Rd1 Rf5 26.g3 h5 27.Red2 Re7 28.Kg2 e4 29.Re2 g5
30.Rd4 Rfe5 31.g4 h4 32.h3 c6 33.Kf2 c5 34.Rd8 Ke6 35.Re3 Rd7 36.Rxd7 Kxd7
37.c4 Re7 38.Ra3 a6 39.Ra5 Kc6 40.Ke3 Re5  1/2-1/2

[Event "Plzen opJ-A"]
[Site "Plzen"]
[Date "1996.??.??"]
[Round "8"]
[White "Prokop, Jacek"]
[Black "Klimes, Martin"]
[Result "0-1"]
[WhiteElo "1980"]
[BlackElo "2030"]

1.e4 e6 2.d4 d5 3.Nd2 Nc6 4.c3 e5 5.exd5 Qxd5 6.Ngf3 e4 7.Bc4 Qf5 8.Qe2 Nf6
9.Bd3 Ne5 10.Bb5+ Nc6 11.Ng5 Be7 12.Ndxe4 O-O 13.Bd3 Qa5 14.Nxf6+ Bxf6 15.Bxh7+ Kh8
16.Qh5 Bg4 17.Qxg4 Bxg5 18.Bxg5 Kxh7 19.O-O Kg8 20.Bf4 Rfe8 21.b4 Qa3 22.Qg3 Ne7
23.Bxc7 Rac8 24.Be5 Ng6 25.Rfc1 Rc4 26.Rc2 Nxe5 27.dxe5 Rec8 28.Rac1 Qa6
29.h3 Qe6 30.f4 Qf5 31.Qf2 b6 32.g3 Qd3 33.Qe1 a6 34.Kf2 Rxb4 35.Rd2 Qc4
36.Rd4 Rb2+  0-1